[Event "Pergamino op"]
[Site "Pergamino"]
[Date "2022.12.10"]
[Round "4"]
[White "Ibarra, Juan Martin"]
[Black "Ruggiero, Alexis"]
[Result "1-0"]
[WhiteElo "2190"]
[BlackElo "1793"]
[PlyCount "59"]
[EventDate "2022.12.09"]
[EventType "swiss"]
[EventRounds "6"]
[EventCountry "ARG"]
[SourceTitle "EXT 2024"]
[Source "ChessBase"]
[SourceDate "2023.10.10"]
[SourceVersion "1"]
[SourceVersionDate "2023.10.10"]
[SourceQuality "1"]

1. e4 c5 2. Nf3 Nc6 3. Bb5 a6 4. Bxc6 dxc6 5. Nc3 Nf6 6. h3 b5 7. d3 Qc7 8. e5 Nd5 9. Ne4 e6 10. c4 Nb6 11. b3 Be7 12. 0-0 Bb7 13. Bg5 0-0 14. Qc1 f6 15. Bf4 Qd7 16. Qe3 fxe5 17. Nxe5 Qd4 18. Qg3 Rf5 19. Ng4 Kh8 20. Be5 Rxe5 21. Nxe5 Rf8 22. Rae1 Rf5 23. Ng4 Nd7 24. Re3 h5 25. Qc7 hxg4 26. hxg4 Rf7 27. Qxb7 Ne5 28. Qc8+ Kh7 29. Qxe6 Bh4 30. Rh3 1-0

[Event "ARG-ch sf 97th"]
[Site "Buenos Aires"]
[Date "2022.09.08"]
[Round "1"]
[White "Ibarra, Juan Martin"]
[Black "Avila, Federico"]
[Result "1-0"]
[WhiteElo "2087"]
[BlackElo "1468"]
[PlyCount "75"]
[EventDate "2022.09.08"]
[EventType "swiss"]
[EventRounds "9"]
[EventCountry "ARG"]
[SourceTitle "CBM 210 Extra"]
[Source "ChessBase"]
[SourceDate "2022.11.30"]
[SourceVersion "1"]
[SourceVersionDate "2022.11.30"]
[SourceQuality "1"]

1. Nf3 Nf6 2. b3 e6 3. Bb2 Be7 4. g3 d5 5. Bg2 c5 6. e3 Nc6 7. 0-0 0-0 8. d4 b6 9. c4 Ba6 10. Ne5 Nxe5 11. dxe5 Ne8 12. Re1 Bb7 13. Nc3 Nc7 14. Qd2 Qd7 15. Rad1 Rad8 16. f4 Qc8 17. Qf2 f6 18. exf6 Bxf6 19. Na4 e5 20. Qc2 d4 21. fxe5 Bxe5 22. exd4 Bxd4+ 23. Bxd4 Rxd4 24. Rxd4 cxd4 25. c5 Bxg2 26. Qxg2 b5 27. Nb2 Kh8 28. Nd3 Ne6 29. Qd5 Rf6 30. c6 h6 31. Qd7 Qf8 32. c7 Nxc7 33. Qxc7 Qa3 34. Qd8+ Kh7 35. Re2 Rd6 36. Qf8 Qa6 37. Qf5+ Rg6 38. Nf4 1-0

[Event "World Cup U18 Prel"]
[Site "Tornelo INT"]
[Date "2021.08.19"]
[Round "7"]
[White "Ibarra, Juan Martin"]
[Black "Subelj, Jan"]
[Result "0-1"]
[WhiteElo "2167"]
[BlackElo "2412"]
[PlyCount "98"]
[EventDate "2021.08.16"]
[EventType "swiss (rapid)"]
[EventRounds "10"]
[EventCountry "NET"]
[SourceTitle "CBM 203 Extra"]
[Source "ChessBase"]
[SourceDate "2021.09.30"]
[SourceVersion "1"]
[SourceVersionDate "2021.09.30"]
[SourceQuality "1"]

1. e4 e6 2. d4 d5 3. Nc3 Nf6 4. e5 Nfd7 5. f4 c5 6. Nf3 Nc6 7. Be3 Be7 8. Qd2 0-0 9. dxc5 Qa5 10. 0-0-0 b6 11. Bb5 Nb4 12. a3 bxc5 13. Kb1 Rb8 14. axb4 cxb4 15. Nxd5 exd5 16. Bxd7 Bxd7 17. Qxd5 Qxd5 18. Rxd5 Bc6 19. Ra5 Rfc8 20. Rc1 Be4 21. b3 Rc3 22. Bxa7 Ra8 23. Nd4 Bxg2 24. f5 f6 25. e6 Rh3 26. Rd1 Rxh2 27. Bc5 Rxa5 28. Bxe7 Rh1 29. Rxh1 Bxh1 30. Bxb4 Ra8 31. e7 h5 32. Nb5 Bc6 33. Nc7 Rc8 34. Ne6 h4 35. Bd6 Kf7 36. c4 Be4+ 37. Kb2 Bxf5 38. Nd4 Bd7 39. c5 h3 40. b4 Rh8 41. c6 Bxc6 42. Nxc6 h2 43. Bxh2 Rxh2+ 44. Kb3 Rh8 45. b5 Rc8 46. Kc4 Rxc6+ 47. bxc6 Kxe7 48. Kd5 Kd8 49. Ke6 Kc7 0-1